[Event "EU-chT Seniors 05th"]
[Site "Dresden"]
[Date "2003.02.23"]
[Round "1.2"]
[White "Rudnik, Heinz"]
[Black "Malich, Burkhard"]
[Result "1/2-1/2"]
[WhiteElo "2011"]
[BlackElo "2368"]
[EventDate "2003.02.23"]
[PlyCount "105"]

1.Nf3 d5 2.d4 Nf6 3.e3 c6 4.c4 g6 5.Nc3 Bg7 6.Be2 O-O 7.O-O e6 8.b3 Nbd7 
9.Bb2 b6 10.Rc1 Bb7 11.cxd5 exd5 12.Ba3 Re8 13.Bd6 Ne4 14.Nxe4 Rxe4 15.Bd3
Re6 16.Bf4 a5 17.h3 Re8 18.Nh2 Nf8 19.Ng4 Ne6 20.Bg3 Rc8 21.Ne5 f6 22.Nf3 
c5 23.h4 f5 24.h5 Qe7 25.hxg6 hxg6 26.Ne5 Bxe5 27.Bxe5 Rf8 28.Qf3 Qh4 29.
Qh3 Qxh3 30.gxh3 Rf7 31.Kh2 Rh7 32.Rg1 Kf7 33.Bb5 Bc6 34.Be2 Rh6 35.f4 Rg8
36.Bd3 Ra8 37.a3 a4 38.b4 c4 39.Bb1 Bd7 40.Rg2 b5 41.Rcg1 Nf8 42.Kg3 Nh7 
43.Bc2 Nf6 44.Bxf6 Kxf6 45.h4 Re8 46.Kf3 Re7 47.Bd1 Be8 48.Rh2 Rh8 49.Kf2 
Bf7 50.Bc2 Rh6 51.Rg5 Re8 52.Rg1 Reh8 53.Kg3 1/2-1/2

[Event "EU-chT Seniors 05th"]
[Site "Dresden"]
[Date "2003.02.23"]
[Round "1.2"]
[White "Starck, Bodo"]
[Black "Langenfeld, Heinz"]
[Result "1/2-1/2"]
[WhiteElo "2252"]
[BlackElo "1942"]
[EventDate "2003.02.23"]
[PlyCount "56"]

1.d4 d5 2.c4 c6 3.Nf3 Nf6 4.Nc3 g6 5.e3 Bg7 6.Qb3 O-O 7.Bd3 e6 8.O-O Nbd7 
9.h3 Nb6 10.cxd5 exd5 11.Qc2 Qe7 12.b3 Re8 13.a4 Ne4 14.Ba3 Qe6 15.Bxe4 
dxe4 16.Ng5 Qf5 17.Ngxe4 Nd5 18.Rac1 Qh5 19.Ng3 Qg5 20.Nxd5 cxd5 21.Bd6 h5
22.Bf4 Qe7 23.Qc5 Qd7 24.Qd6 Qxd6 25.Bxd6 Bd7 26.Ne2 g5 27.Rc7 Bc6 28.Nc1 
Bf6 1/2-1/2

[Event "EU-chT Seniors 05th"]
[Site "Dresden"]
[Date "2003.02.23"]
[Round "1.3"]
[White "Bachmann, Karlheinz"]
[Black "Farrand, Julian"]
[Result "1/2-1/2"]
[WhiteElo "2281"]
[BlackElo "2002"]
[EventDate "2003.02.23"]
[PlyCount "84"]

1.c4 e5 2.g3 Nf6 3.Bg2 c6 4.d4 d6 5.Nc3 Nbd7 6.Nf3 Be7 7.O-O O-O 8.Qc2 Re8
9.Rd1 Qc7 10.b3 Bf8 11.Bb2 g6 12.Rac1 Nh5 13.e4 Ng7 14.c5 dxc5 15.dxe5 Ne6
16.Ne2 Bh6 17.Rb1 Bg7 18.Qc3 b5 19.Ba1 b4 20.Qb2 Nef8 21.Qc2 Ne6 22.Nf4 
Ndf8 23.Nd3 Qb6 24.Nb2 Ba6 25.Nc4 Bxc4 26.Qxc4 Rad8 27.Rd6 Nc7 28.Ng5 Nfe6
29.Nxe6 Nxe6 30.Rbd1 Nd4 31.f4 Nb5 32.Rd7 Rxd7 33.Rxd7 Rf8 34.Bh3 Na3 35.
Qc1 c4+ 36.Bd4 c5 37.Be3 c3 38.Rd5 Rd8 39.Bxc5 Qc7 40.Bd6 Qb6+ 41.Bc5 Qc7 
42.Bd6 Qb6+ 1/2-1/2

[Event "EU-chT Seniors 05th"]
[Site "Dresden"]
[Date "2003.02.23"]
[Round "1.3"]
[White "Beckel, Friedrich"]
[Black "Vucenovic, Dragomir"]
[Result "0-1"]
[WhiteElo "2127"]
[BlackElo "2300"]
[EventDate "2003.02.23"]
[PlyCount "76"]

1.e4 e5 2.Nf3 Nc6 3.Bb5 a6 4.Ba4 Nf6 5.O-O Be7 6.Re1 b5 7.Bb3 d6 8.c3 O-O 
9.h3 Nd7 10.d4 Bf6 11.d5 Na5 12.Bc2 Nb6 13.Nbd2 c6 14.dxc6 Qc7 15.Nf1 Nxc6
16.Bb3 a5 17.Be3 Nc4 18.Bxc4 bxc4 19.Qa4 Ne7 20.Rad1 Be6 21.Bg5 Ng6 22.
Bxf6 gxf6 23.g3 Bxh3 24.Ne3 Be6 25.Nd5 Bxd5 26.Rxd5 Ne7 27.Rd2 Rad8 28.Qd1
Qc6 29.Nh4 d5 30.Qg4+ Kh8 31.Red1 Rg8 32.Qh5 d4 33.cxd4 Qxe4 34.Re2 Qd5 
35.Rdd2 Rg5 36.Qh6 Ng8 37.dxe5 Qxd2 38.Ng6+ fxg6 0-1

[Event "EU-chT Seniors 05th"]
[Site "Dresden"]
[Date "2003.02.23"]
[Round "1.3"]
[White "Boeckenhaupt, Rudi"]
[Black "Morgner, Siegfried"]
[Result "1/2-1/2"]
[WhiteElo "2145"]
[BlackElo "1728"]
[EventDate "2003.02.23"]
[PlyCount "93"]

1.e4 d6 2.d4 g6 3.c3 Bg7 4.Be3 Nf6 5.Bd3 O-O 6.Ne2 Nbd7 7.O-O Ng4 8.Bf4 e5
9.Bg3 h5 10.h3 Nh6 11.f4 h4 12.Bh2 c6 13.Na3 b5 14.Kh1 Re8 15.Bc2 a6 16.
Ng1 Nb6 17.Nf3 f6 18.Nxh4 g5 19.fxg5 fxg5 20.Nf5 Bxf5 21.exf5 e4 22.g4 Nd5
23.Bb3 Kf8 24.Bxd5 cxd5 25.Nc2 Ng8 26.Ne3 Nf6 27.Qb3 Qe7 28.Rae1 Qb7 29.
Bxd6+ Kg8 30.Be5 Rad8 31.a4 Qc6 32.axb5 axb5 33.Ra1 Kh8 34.Ra5 Rxe5 35.
dxe5 Qb6 36.exf6 Bxf6 37.Rxb5 Qxe3 38.Kg2 Be5 39.c4 Qe2+ 40.Rf2 Qe1 41.Qc2
e3 42.Rf3 dxc4 43.Rxe5 Rd2+ 44.Qxd2 Qxd2+ 45.Kg3 Qe1+ 46.Kg2 Qe2+ 47.Kg3 
1/2-1/2

[Event "EU-chT Seniors 05th"]
[Site "Dresden"]
[Date "2003.02.23"]
[Round "1.3"]
[White "Ehlert, Joachim"]
[Black "Landgraf, Siegfried"]
[Result "1/2-1/2"]
[WhiteElo "1888"]
[BlackElo "2106"]
[EventDate "2003.02.23"]
[PlyCount "45"]

1.e4 g6 2.d4 Bg7 3.Be3 d5 4.e5 Nh6 5.f4 c6 6.c3 Qb6 7.b3 a5 8.Bd3 Bf5 9.
Nf3 e6 10.O-O Nd7 11.Kh1 Bf8 12.h3 Bxd3 13.Qxd3 Nf5 14.Bf2 h5 15.Nbd2 Be7 
16.Rfc1 Kf8 17.Nf1 Kg7 18.Ne3 Rad8 19.Rab1 f6 20.Nh4 fxe5 21.Nexf5+ exf5 
22.fxe5 Rde8 23.Qg3 1/2-1/2

[Event "EU-chT Seniors 05th"]
[Site "Dresden"]
[Date "2003.02.23"]
[Round "1.3"]
[White "Eis, Helko"]
[Black "Kahn, Peter"]
[Result "1/2-1/2"]
[WhiteElo "2092"]
[BlackElo "1939"]
[EventDate "2003.02.23"]
[PlyCount "44"]

1.Nf3 d5 2.d3 Nf6 3.Nbd2 Nbd7 4.g3 c6 5.Bg2 e5 6.O-O Bc5 7.e4 dxe4 8.Nxe4 
Nxe4 9.dxe4 O-O 10.Qe2 Qc7 11.b3 Nf6 12.Bg5 Be7 13.Rad1 Bg4 14.h3 Bxf3 15.
Qxf3 Rad8 16.Bc1 Qa5 17.a4 Rxd1 18.Rxd1 Rd8 19.Rxd8+ Qxd8 20.Qe2 Bc5 21.
Bb2 Qd6 22.Bf1 Nd7 1/2-1/2

[Event "EU-chT Seniors 05th"]
[Site "Dresden"]
[Date "2003.02.23"]
[Round "1.3"]
[White "Haakert, Juergen"]
[Black "Harzer, Paul"]
[Result "1-0"]
[WhiteElo "2414"]
[BlackElo "2027"]
[EventDate "2003.02.23"]
[PlyCount "81"]

1.Nf3 f5 2.g3 Nf6 3.Bg2 g6 4.O-O Bg7 5.c4 d6 6.Nc3 O-O 7.Rb1 a5 8.a3 e5 9.
d3 Nc6 10.b4 axb4 11.axb4 Ne7 12.Qb3 Kh8 13.Bb2 h6 14.c5 g5 15.cxd6 cxd6 
16.Ra1 Rxa1 17.Rxa1 Ng6 18.Nd2 Qe7 19.Ra7 Be6 20.Qa4 Rb8 21.Rxb7 Rxb7 22.
Qa8+ Kh7 23.Qxb7 d5 24.Qxe7 Nxe7 25.Nb5 Ne8 26.Na7 Nd6 27.Nb3 Bd7 28.Nc5 
Be8 29.Ne6 d4 30.f4 gxf4 31.gxf4 Nb5 32.Nxb5 Bxb5 33.fxe5 Bxe5 34.Bxd4 Bd6
35.Bc5 Bxc5+ 36.bxc5 Kg6 37.Kf2 Kf6 38.Nf4 Ke5 39.Ke3 Nc6 40.Bxc6 Bxc6 41.
d4+ 1-0

[Event "EU-chT Seniors 05th"]
[Site "Dresden"]
[Date "2003.02.23"]
[Round "1.3"]
[White "Kristiansen, Erling"]
[Black "Lewicki, Wieslaw"]
[Result "1-0"]
[WhiteElo "2263"]
[BlackElo "2000"]
[EventDate "2003.02.23"]
[PlyCount "115"]

1.e4 c5 2.Nf3 Nc6 3.d4 cxd4 4.c3 dxc3 5.Nxc3 g6 6.Bc4 Bg7 7.O-O Nf6 8.e5 
Ng4 9.Bf4 O-O 10.Qe2 e6 11.h3 Nh6 12.Rfd1 Nf5 13.Kh1 h6 14.Qe4 Qb6 15.Rd2 
Na5 16.Bf1 Qc6 17.Qd3 b6 18.Rad1 Nb7 19.Ne4 Qa4 20.b3 Qa5 21.Rc2 Nc5 22.
Nxc5 bxc5 23.Qc4 Rd8 24.Qxc5 Qxc5 25.Rxc5 Bb7 26.Be2 Bd5 27.Rc7 Bf8 28.Ba6
d6 29.Bb7 Bxb7 30.Rxb7 d5 31.Rc1 Rac8 32.Rxa7 Rxc1+ 33.Bxc1 Bc5 34.Rc7 
Bxf2 35.g4 Nd4 36.Kg2 Nxf3 37.Kxf2 Nxe5 38.Bxh6 d4 39.Bg5 Ra8 40.Bf6 Nd3+ 
41.Kf3 e5 42.Ke4 Nb4 43.a3 Na2 44.Bxe5 Nc3+ 45.Kd3 Nb5 46.Rb7 Nxa3 47.g5 
Rc8 48.Bxd4 Rd8 49.Ke4 Nc2 50.Be5 Re8 51.Rb8 Rxb8 52.Bxb8 Nb4 53.Bd6 Nc6 
54.b4 Nd8 55.b5 f5+ 56.gxf6 Kf7 57.Be7 Nb7 58.Kd5 1-0

[Event "EU-chT Seniors 05th"]
[Site "Dresden"]
[Date "2003.02.23"]
[Round "1.3"]
[White "Meier, Wolfgang"]
[Black "Strand, Karl W"]
[Result "1-0"]
[WhiteElo "2102"]
[BlackElo "1819"]
[EventDate "2003.02.23"]
[PlyCount "83"]

1.Nf3 d5 2.c4 e6 3.d4 c6 4.Nc3 Nf6 5.Bg5 Nbd7 6.e3 Qa5 7.Bxf6 Nxf6 8.Nd2 
Bd6 9.c5 Bb8 10.a3 e5 11.Nb3 Qc7 12.dxe5 Qxe5 13.Nd4 O-O 14.Qd2 Re8 15.Be2
Ng4 16.Bxg4 Bxg4 17.h3 Bd7 18.Nf3 Qf6 19.Ne2 Re4 20.Ned4 Be5 21.Nxe5 Rxe5 
22.O-O-O Rb8 23.g4 b6 24.cxb6 Rxb6 25.f4 Re8 26.Qc3 c5 27.Nc2 d4 28.exd4 
Qxf4+ 29.Kb1 Reb8 30.dxc5 Rxb2+ 31.Qxb2 Rxb2+ 32.Kxb2 Qb8+ 33.Kc1 Ba4 34.
Rd4 Bxc2 35.Kxc2 g6 36.Rhd1 Qc7 37.Rc4 Qh2+ 38.Rd2 Qxh3 39.c6 Qxa3 40.c7 
Qa2+ 41.Kd3 Qb1+ 42.Ke2 1-0

[Event "EU-chT Seniors 05th"]
[Site "Dresden"]
[Date "2003.02.23"]
[Round "1.3"]
[White "Neumann, Horst"]
[Black "Wade, Robert Graham"]
[Result "0-1"]
[WhiteElo "2018"]
[BlackElo "2213"]
[EventDate "2003.02.23"]
[PlyCount "76"]

1.d4 d6 2.Nf3 Bg4 3.Nbd2 Nd7 4.e3 e5 5.Be2 Ngf6 6.O-O Be7 7.h3 Bh5 8.Nh4 
Bxe2 9.Qxe2 O-O 10.Nf5 g6 11.dxe5 dxe5 12.Nxe7+ Qxe7 13.e4 Nh5 14.g3 Qc5 
15.Nb3 Qc6 16.Kh2 a5 17.Bh6 Rfe8 18.Rad1 a4 19.Nc1 Nc5 20.f3 Ne6 21.Be3 
Rad8 22.Rxd8 Rxd8 23.Rd1 Rxd1 24.Qxd1 f5 25.exf5 gxf5 26.Bf2 Nf6 27.Be3 e4
28.f4 Nd5 29.Bg1 e3 30.Ne2 b5 31.c3 Qc4 32.b3 axb3 33.axb3 Qe4 34.c4 bxc4 
35.bxc4 Qxc4 36.Nc1 Nd4 37.Qe1 Qc2+ 38.Kh1 Qe4+ 0-1

[Event "EU-chT Seniors 05th"]
[Site "Dresden"]
[Date "2003.02.23"]
[Round "1.3"]
[White "Rahls, Peter"]
[Black "Dorawa, Bernhard"]
[Result "1-0"]
[WhiteElo "2295"]
[BlackElo "2152"]
[EventDate "2003.02.23"]
[PlyCount "77"]

1.e4 c5 2.c3 Nf6 3.e5 Nd5 4.d4 cxd4 5.cxd4 e6 6.Nc3 Nxc3 7.bxc3 d6 8.Nf3 
Nc6 9.Bd3 dxe5 10.dxe5 Be7 11.O-O Qa5 12.Qe2 h6 13.Bd2 g5 14.Rfe1 Bd7 15.
a4 O-O-O 16.Bb5 a6 17.Reb1 Nb8 18.Bd3 f5 19.exf6 Bxf6 20.Be3 g4 21.Nd2 Bc6
22.Nc4 Qh5 23.Nb6+ Kc7 24.Bf4+ e5 25.Bg3 Qg5 26.Be4 h5 27.Qc4 h4 28.Qe6 
Nd7 29.Bxc6 bxc6 30.Nxd7 Rxd7 31.Rb7+ Kxb7 32.Qxd7+ Kb6 33.Rb1+ Kc5 34.f4 
gxf3 35.Bf2+ Kc4 36.Qxc6+ Kd3 37.Qd5+ Kc2 38.Qe4+ Kxc3 39.Be1+ 1-0

[Event "EU-chT Seniors 05th"]
[Site "Dresden"]
[Date "2003.02.23"]
[Round "1.3"]
[White "Schulz, Wolfgang"]
[Black "Vager, Boris"]
[Result "1/2-1/2"]
[WhiteElo "2119"]
[BlackElo "2262"]
[EventDate "2003.02.23"]
[PlyCount "110"]

1.e4 c5 2.Nf3 e6 3.d4 cxd4 4.Nxd4 Nf6 5.Nc3 Nc6 6.Ndb5 Bb4 7.a3 Bxc3+ 8.
Nxc3 d5 9.exd5 Nxd5 10.Bd2 O-O 11.g3 e5 12.Bg2 Be6 13.O-O f6 14.Re1 Bf7 
15.Nxd5 Bxd5 16.Be3 Bxg2 17.Kxg2 Qe8 18.Qd5+ Qf7 19.Rad1 Rfd8 20.Qxf7+ 
Kxf7 21.f3 Rac8 22.Kf1 b6 23.Rxd8 Rxd8 24.Rc1 Ke6 25.Ke2 Na5 26.c4 Rc8 27.
Kd3 f5 28.c5 Nb3 29.Rc3 Nxc5+ 30.Ke2 Kd7 31.b4 Ne6 32.Rd3+ Ke7 33.Rd5 Rc2+
34.Kd3 Rxh2 35.Rxe5 g6 36.a4 Kd6 37.f4 Ra2 38.a5 bxa5 39.Rxa5 Rxa5 40.bxa5
a6 41.Kc4 Kc6 42.Bb6 Kd6 43.Ba7 Nd8 44.Bb8+ Kc6 45.Kd4 Nf7 46.Ba7 h6 47.
Bb8 Kb7 48.Be5 Kc6 49.Bb8 g5 50.fxg5 hxg5 51.Be5 Kb5 52.Bc7 Kc6 53.Be5 Nd8
54.Bf6 Nf7 55.Be5 Kb5 1/2-1/2

[Event "EU-chT Seniors 05th"]
[Site "Dresden"]
[Date "2003.02.23"]
[Round "1.3"]
[White "Stuerzenbaum, Arthur"]
[Black "Shabanov, Yuri"]
[Result "1-0"]
[WhiteElo "2194"]
[BlackElo "2442"]
[EventDate "2003.02.23"]
[PlyCount "104"]

1.e4 d6 2.d4 Nf6 3.Nc3 e5 4.Nf3 Nbd7 5.Bc4 Be7 6.O-O O-O 7.Re1 c6 8.a4 Qc7
9.h3 h6 10.Bb3 Re8 11.Qe2 Nf8 12.dxe5 dxe5 13.Nh4 Be6 14.Bxe6 Nxe6 15.Nf5 
Nd4 16.Nxd4 exd4 17.Na2 Bd6 18.f3 Bh2+ 19.Kh1 Nh5 20.Qc4 Bg3 21.Rf1 Re6 
22.Bd2 Rg6 23.Nc1 Qe7 24.Ne2 c5 25.b3 Re8 26.Qd3 Bc7 27.g4 Nf6 28.Nf4 Bxf4
29.Bxf4 Nd7 30.Rae1 Ne5 31.Bxe5 Qxe5 32.f4 Qc7 33.Re2 Rge6 34.Kg2 Qc6 35.
Rfe1 a6 36.Qf3 b5 37.axb5 axb5 38.e5 Qc7 39.Re4 b4 40.h4 Qe7 41.g5 Qc7 42.
Qg3 Qc6 43.Kh2 hxg5 44.hxg5 g6 45.Qh4 Kf8 46.R4e2 Ra8 47.Rf1 Ra2 48.Qh3 
Ke7 49.f5 gxf5 50.Qxf5 Qe8 51.Qf3 Kf8 52.Kg1 Qe7 1-0

[Event "EU-chT Seniors 05th"]
[Site "Dresden"]
[Date "2003.02.23"]
[Round "1.3"]
[White "Titz, Heimo"]
[Black "Schroeder, Christian"]
[Result "1-0"]
[WhiteElo "2326"]
[BlackElo "2152"]
[EventDate "2003.02.23"]
[PlyCount "49"]

1.c4 e5 2.Nc3 d6 3.d4 exd4 4.Qxd4 Nc6 5.Qd2 g6 6.b3 Bg7 7.Bb2 Nge7 8.g3 
O-O 9.Bg2 Bg4 10.Nh3 Qd7 11.Nf4 Rae8 12.O-O Qc8 13.Rfe1 Ne5 14.h3 Bd7 15.
Kh2 N7c6 16.Nfd5 Nd8 17.f4 Nec6 18.Ne4 Rxe4 19.Bxe4 Bxh3 20.b4 Re8 21.Bf3 
Be6 22.Bxg7 Kxg7 23.Qc3+ Kh6 24.Nf6 Rf8 25.g4 1-0

[Event "EU-chT Seniors 05th"]
[Site "Dresden"]
[Date "2003.02.23"]
[Round "1.3"]
[White "Vink, Wim"]
[Black "Wiggens, Andrew"]
[Result "0-1"]
[WhiteElo "2082"]
[BlackElo "1720"]
[EventDate "2003.02.23"]
[PlyCount "94"]

1.d4 d5 2.Nf3 Nf6 3.Bf4 Bf5 4.c4 c6 5.e3 e6 6.Nbd2 Nbd7 7.Qb3 Qb6 8.c5 
Qxb3 9.axb3 a6 10.b4 Nh5 11.Bg3 Nxg3 12.hxg3 O-O-O 13.Nb3 Be7 14.Be2 f6 
15.O-O g5 16.Na5 Nb8 17.Rfc1 Rd7 18.Rc3 Rc7 19.Rac1 h5 20.Nd2 e5 21.Nf3 e4
22.Nd2 Be6 23.Nab3 Bd8 24.Nb1 Rf7 25.N3d2 Bc7 26.Ra3 f5 27.Nc3 Rfh7 28.Na4
h4 29.g4 fxg4 30.Nb6+ Kd8 31.Na8 g3 32.Nxc7 gxf2+ 33.Kxf2 Kxc7 34.Raa1 g4 
35.Rh1 g3+ 36.Kg1 Nd7 37.Rf1 Rf8 38.Rxf8 Nxf8 39.Nf1 Bf5 40.Bd1 Ne6 41.Be2
Kd8 42.Nd2 Ke7 43.Nf1 Kf6 44.Nd2 Kg5 45.Nf1 Rf7 46.b3 Bg4 47.Bxg4 Kxg4 0-1

[Event "EU-chT Seniors 05th"]
[Site "Dresden"]
[Date "2003.02.23"]
[Round "1.4"]
[White "Appelt, Gerd"]
[Black "Barnstedt, Dietrich"]
[Result "1/2-1/2"]
[WhiteElo "1915"]
[BlackElo "2154"]
[EventDate "2003.02.23"]
[PlyCount "101"]

1.e4 e5 2.Nf3 Nf6 3.d3 Nc6 4.c3 d5 5.Qc2 Be7 6.Be2 O-O 7.O-O h6 8.h3 Be6 
9.Nbd2 Qd7 10.Nh2 Rad8 11.Re1 Ne8 12.g4 h5 13.Ndf1 hxg4 14.hxg4 g6 15.Bh6 
Ng7 16.Ng3 Bh4 17.Bf3 Bxg3 18.fxg3 f5 19.Qe2 fxe4 20.dxe4 d4 21.Bg5 Rde8 
22.Qd1 Rf7 23.Be2 a6 24.Qd2 Qd6 25.a3 Qc5 26.c4 Rd7 27.b4 Qa7 28.Bd3 Rf7 
29.Rf1 Ref8 30.Rxf7 Rxf7 31.Rf1 Rxf1+ 32.Kxf1 Qb8 33.Qf2 Qc8 34.Bh6 Qf8 
35.Qxf8+ Kxf8 36.Kf2 Nb8 37.Bd2 Nd7 38.g5 Ke7 39.Nf3 Bf7 40.g4 c5 41.Ke2 
b5 42.cxb5 c4 43.bxa6 cxd3+ 44.Kxd3 Ne8 45.a7 Nc7 46.Be1 Ba2 47.Kc2 Ke6 
48.Bg3 Na8 49.a4 Bc4 50.Nh4 Kf7 51.Nf3 1/2-1/2

[Event "EU-chT Seniors 05th"]
[Site "Dresden"]
[Date "2003.02.23"]
[Round "1.4"]
[White "Bebchuk, Evgeni"]
[Black "Titz, Herbert"]
[Result "1-0"]
[WhiteElo "2305"]
[BlackElo "2086"]
[EventDate "2003.02.23"]
[PlyCount "53"]

1.e4 d6 2.d4 Nf6 3.Nc3 g6 4.Bg5 Bg7 5.Qd2 c6 6.O-O-O Qc7 7.f4 Bg4 8.Be2 
Bxe2 9.Ngxe2 Nbd7 10.Qd3 O-O-O 11.Qf3 Rde8 12.Rhe1 h5 13.h3 Qa5 14.Kb1 Nb6
15.Nc1 Nc4 16.Nb3 Qc7 17.Bh4 e6 18.f5 exf5 19.exf5 Rhf8 20.Bxf6 Bxf6 21.
Rxe8+ Rxe8 22.fxg6 Qe7 23.Qxh5 Rg8 24.gxf7 Rxg2 25.Qf3 Rg7 26.Ne4 Ne3 27.
Qxe3 1-0

[Event "EU-chT Seniors 05th"]
[Site "Dresden"]
[Date "2003.02.23"]
[Round "1.4"]
[White "Haug, Kjell Martin"]
[Black "Schwier, Manfred"]
[Result "0-1"]
[WhiteElo "1817"]
[BlackElo "2070"]
[EventDate "2003.02.23"]
[PlyCount "120"]

1.c4 f5 2.Nc3 Nf6 3.d4 e6 4.e3 d5 5.cxd5 exd5 6.g3 c6 7.Bg2 Bd6 8.Nf3 Qe7 
9.O-O O-O 10.a3 Kh8 11.Qc2 Be6 12.b4 a6 13.Na4 b5 14.Nc5 Bc8 15.a4 Nbd7 
16.axb5 cxb5 17.Bb2 Nb6 18.Rfd1 Nc4 19.Bc1 Ra7 20.Qb3 Ne4 21.Ne1 Qf7 22.
Ned3 h6 23.f3 Nf6 24.f4 Ne4 25.Ne5 Qe8 26.Re1 Nxe5 27.fxe5 Bxc5 28.bxc5 
Qc6 29.Rf1 g6 30.Qb4 Be6 31.Qa5 Rb8 32.Ba3 Ng5 33.Bb4 Ne4 34.Ra2 Bd7 35.
Rfa1 Raa8 36.Qa3 Bc8 37.Ba5 Bb7 38.Bb6 Kh7 39.Qa5 Rc8 40.Qe1 Rf8 41.Rb1 
Ng5 42.Qe2 Ne6 43.Rf1 Kg7 44.Bh3 Ng5 45.Bg2 Ne4 46.Qe1 Ng5 47.Qa5 Ne6 48.
Qd2 Rf7 49.Qe2 h5 50.h4 Nf8 51.Qb2 Ne6 52.Qe2 Rg8 53.Bh3 Rgf8 54.Qc2 Bc8 
55.Qb3 g5 56.Bg2 Rd7 57.Qd1 Kh6 58.Raf2 Ng7 59.Qe2 Kg6 60.e4 dxe4 0-1

[Event "EU-chT Seniors 05th"]
[Site "Dresden"]
[Date "2003.02.23"]
[Round "1.4"]
[White "Keller, Lothar"]
[Black "Zunker, Reinhard"]
[Result "0-1"]
[WhiteElo "2016"]
[BlackElo "2194"]
[EventDate "2003.02.23"]
[PlyCount "74"]

1.e4 g6 2.d4 Bg7 3.c4 d6 4.Nc3 Nf6 5.Be2 O-O 6.Nf3 e5 7.dxe5 dxe5 8.Qxd8 
Rxd8 9.Bg5 Nbd7 10.Rd1 Rf8 11.Nd5 c6 12.Nc3 Nc5 13.Nd2 Ne6 14.Be3 Nd4 15.
O-O Nxe2+ 16.Nxe2 Be6 17.f3 Rfd8 18.b3 Rd3 19.Kf2 Rad8 20.Nc1 R3d7 21.Ke2 
Nh5 22.g3 b6 23.c5 b5 24.Nb1 f5 25.exf5 gxf5 26.Rxd7 Rxd7 27.Rd1 Rxd1 28.
Kxd1 Nf6 29.Nd3 Nd5 30.Bf2 Kf7 31.Kc2 e4 32.fxe4 fxe4 33.Nc1 Bf5 34.Be1 
Ne3+ 35.Kd2 Nf1+ 36.Ke2 Nxh2 37.Na3 Bb2 0-1

[Event "EU-chT Seniors 05th"]
[Site "Dresden"]
[Date "2003.02.23"]
[Round "1.4"]
[White "Krueger, Erich"]
[Black "Munro, Donald"]
[Result "1-0"]
[WhiteElo "2234"]
[BlackElo "1848"]
[EventDate "2003.02.23"]
[PlyCount "121"]

1.d4 d5 2.c4 Nc6 3.Nc3 dxc4 4.d5 Nb8 5.e4 e5 6.Nf3 Bd6 7.Bxc4 Ne7 8.Bg5 
Bg4 9.h3 Bh5 10.O-O O-O 11.Rc1 Nd7 12.Be2 a5 13.Nb5 Nc5 14.Nd2 Bg6 15.f3 
Qd7 16.Be3 b6 17.Nb3 Nb7 18.Nxd6 Nxd6 19.Nd2 f5 20.Nc4 Nxc4 21.Bxc4 Kh8 
22.Bd3 Rfd8 23.Qc2 c5 24.Bg5 f4 25.Qb3 Rab8 26.Bb5 Qd6 27.Rfd1 Rb7 28.Rd2 
Be8 29.Rcd1 h6 30.Bxe7 Rxe7 31.Bxe8 Rdxe8 32.Qb5 Rc8 33.b3 Rec7 34.Rc2 Kg8
35.Kh2 Rf7 36.a3 Rfc7 37.Rb2 h5 38.b4 axb4 39.axb4 c4 40.Ra2 c3 41.Ra6 c2 
42.Rc1 Rb8 43.Ra2 Rbc8 44.Qe2 Qxb4 45.Raxc2 Rxc2 46.Rxc2 Rxc2 47.Qxc2 Qc5 
48.Qxc5 bxc5 49.Kg1 Kf7 50.Kf2 Ke7 51.h4 Kd6 52.Ke2 c4 53.Kd2 Kc5 54.Kc3 
g6 55.Kb2 Kd6 56.Ka3 Kc5 57.Ka4 Kd6 58.Kb4 c3 59.Kxc3 Kc5 60.Kd3 Kd6 61.
Kc4 1-0

[Event "EU-chT Seniors 05th"]
[Site "Dresden"]
[Date "2003.02.23"]
[Round "1.4"]
[White "Kuehn, Peter2"]
[Black "Winiwarter, Felix"]
[Result "1/2-1/2"]
[WhiteElo "1992"]
[BlackElo "2185"]
[EventDate "2003.02.23"]
[PlyCount "37"]

1.e4 e5 2.Nf3 Nc6 3.d4 exd4 4.Nxd4 Nf6 5.Nxc6 bxc6 6.e5 Qe7 7.Qe2 Nd5 8.c4
Nb6 9.Nd2 d6 10.exd6 cxd6 11.Qxe7+ Bxe7 12.Bd3 Ba6 13.O-O Kd7 14.b3 Bf6 
15.Rb1 Kc7 16.Ne4 Be7 17.Rd1 Bb7 18.Bf4 f5 19.Ng5 1/2-1/2

[Event "EU-chT Seniors 05th"]
[Site "Dresden"]
[Date "2003.02.23"]
[Round "1.4"]
[White "Kupper, Josef"]
[Black "Piekarz, Peter"]
[Result "1/2-1/2"]
[WhiteElo "2380"]
[BlackElo "2011"]
[EventDate "2003.02.23"]
[PlyCount "86"]

1.e4 d5 2.Nc3 d4 3.Nce2 e5 4.Ng3 g6 5.Bc4 Bg7 6.d3 Qe7 7.Nf3 Be6 8.Bxe6 
Qxe6 9.O-O h6 10.c3 c5 11.cxd4 cxd4 12.b4 Ne7 13.Qa4+ Nd7 14.Bd2 O-O 15.
Rfc1 a6 16.Rc7 b5 17.Qb3 Qd6 18.Rac1 Rfc8 19.Qc2 Nb6 20.Qc5 Qxc7 21.Qxc7 
Rxc7 22.Rxc7 Kf8 23.h4 Nbc8 24.h5 g5 25.Kh2 Ra7 26.Rc5 f6 27.Kh3 Nd6 28.
Kg4 Kf7 29.Ng1 Bf8 30.N1e2 Ne8 31.Nc1 Rc7 32.Nb3 Nc6 33.Rc1 Nxb4 34.Rxc7+ 
Nxc7 35.Bxb4 Bxb4 36.Nf5 Bf8 37.Kf3 Ne8 38.Na5 Nd6 39.Ng3 Ke6 40.Kg4 Kd7 
41.Nf5 Ke6 42.Ng3 Kd7 43.Nf5 Ke6 1/2-1/2

[Event "EU-chT Seniors 05th"]
[Site "Dresden"]
[Date "2003.02.23"]
[Round "1.4"]
[White "Petzold, Hans"]
[Black "Gradl, Rudolf"]
[Result "1-0"]
[WhiteElo "1911"]
[BlackElo "1645"]
[EventDate "2003.02.23"]
[PlyCount "63"]

1.e4 c5 2.Nc3 Nc6 3.f4 g6 4.Nf3 Bg7 5.Bb5 e6 6.Bxc6 bxc6 7.O-O d5 8.d3 Ne7
9.Qe1 O-O 10.Kh1 a5 11.Na4 c4 12.Bd2 Qc7 13.d4 Qa7 14.e5 Nf5 15.Bc3 Re8 
16.g4 Nh6 17.Qh4 Qe7 18.Ng5 f6 19.exf6 Bxf6 20.Qxh6 Bxg5 21.Qxg5 Qg7 22.
Rae1 h6 23.Qe5 Ra7 24.Nc5 Rae7 25.a4 Kh7 26.Bxa5 Qxe5 27.fxe5 Kg7 28.Rf6 
Rf8 29.Ref1 Ref7 30.Rxf7+ Rxf7 31.Rxf7+ Kxf7 32.Bc7 1-0

[Event "EU-chT Seniors 05th"]
[Site "Dresden"]
[Date "2003.02.23"]
[Round "1.4"]
[White "Prelovskij, Rudolf"]
[Black "Neudel, Bernd"]
[Result "1-0"]
[WhiteElo "2171"]
[BlackElo "1776"]
[EventDate "2003.02.23"]
[PlyCount "71"]

1.c4 c5 2.Nf3 Nf6 3.d4 cxd4 4.Nxd4 Nc6 5.Nc3 d6 6.e4 a6 7.Be2 e6 8.O-O Be7
9.Be3 O-O 10.f4 Qc7 11.Rc1 Nxd4 12.Bxd4 Bd7 13.Qb3 Bc6 14.Bf3 Nd7 15.Qd1 
Bf6 16.Be3 Bxc3 17.Rxc3 Nf6 18.Qc2 Rfe8 19.g4 Qe7 20.g5 Nd7 21.Qg2 f5 22.
exf5 Bxf3 23.Qxf3 exf5 24.Qxb7 Rab8 25.Qd5+ Qe6 26.b3 Rbc8 27.Rd1 Nc5 28.
Bxc5 dxc5 29.Re3 Qxd5 30.Rxe8+ Rxe8 31.Rxd5 Re2 32.Rxc5 Rxa2 33.Rc7 Rb2 
34.Rb7 a5 35.c5 a4 36.c6 1-0

[Event "EU-chT Seniors 05th"]
[Site "Dresden"]
[Date "2003.02.23"]
[Round "1.4"]
[White "Reinholz, Siegfried"]
[Black "Brameyer, Hermann"]
[Result "1/2-1/2"]
[WhiteElo "1901"]
[BlackElo "2282"]
[EventDate "2003.02.23"]
[PlyCount "80"]

1.e4 c5 2.Nf3 Nc6 3.Bb5 d6 4.d4 cxd4 5.Qxd4 e5 6.Qd3 Be7 7.c4 Nf6 8.Nc3 
O-O 9.Bxc6 bxc6 10.b3 Qc7 11.Bb2 Nh5 12.Nd2 Nf4 13.Qg3 Bh4 14.Qf3 h5 15.h3
g5 16.g4 hxg4 17.hxg4 Qd7 18.Rg1 Re8 19.Ne2 Ng6 20.Nf1 a5 21.Ne3 a4 22.Nf5
axb3 23.axb3 Rxa1+ 24.Bxa1 Bb7 25.Neg3 Ra8 26.Bb2 Qe6 27.Nh5 Ra2 28.Nhg7 
Qd7 29.Nh5 Kf8 30.Nxh4 gxh4 31.Bc1 Qe6 32.Qe3 Nf4 33.Nxf4 exf4 34.Qxf4 Ra1
35.Ke2 Ke8 36.Rd1 d5 37.cxd5 cxd5 38.Qb8+ Bc8 39.Qb5+ Bd7 40.Qb8+ Bc8 
1/2-1/2

[Event "EU-chT Seniors 05th"]
[Site "Dresden"]
[Date "2003.02.23"]
[Round "1.4"]
[White "Rost van Tonningen, Otto"]
[Black "Flockhart, Hugh"]
[Result "1/2-1/2"]
[WhiteElo "2212"]
[BlackElo "1704"]
[EventDate "2003.02.23"]
[PlyCount "62"]

1.d4 Nf6 2.c4 c5 3.d5 b5 4.cxb5 a6 5.Nc3 g6 6.e4 d6 7.Nf3 Bg7 8.bxa6 O-O 
9.Bc4 Nbd7 10.O-O Nb6 11.Bb5 Bxa6 12.Bxa6 Rxa6 13.Re1 Qd7 14.h3 Rfa8 15.
Qc2 Ne8 16.b3 Nc7 17.Bb2 R6a7 18.Nd2 Na6 19.a3 Nc7 20.Nc4 Rb8 21.Nxb6 Rxb6
22.Na4 Rb8 23.Bxg7 Kxg7 24.Nc3 Rab7 25.Rab1 Ra8 26.Ra1 Rab8 27.Rab1 Ra8 
28.b4 cxb4 29.Rxb4 Rba7 30.Qb2 f6 31.Ra1 Na6 1/2-1/2

[Event "EU-chT Seniors 05th"]
[Site "Dresden"]
[Date "2003.02.23"]
[Round "1.4"]
[White "Siegmund, Rainer"]
[Black "Kalmutzki, Manfred"]
[Result "1/2-1/2"]
[WhiteElo "2143"]
[BlackElo "1786"]
[EventDate "2003.02.23"]
[PlyCount "54"]

1.d4 d5 2.c4 e6 3.Nc3 f5 4.Nf3 Nf6 5.g3 c6 6.Bg2 Bd6 7.O-O O-O 8.b3 Ne4 9.
Bb2 Nd7 10.Qc2 Qe7 11.Rad1 Ndf6 12.Nxe4 fxe4 13.Ne5 Nd7 14.f3 Nxe5 15.dxe5
Bc5+ 16.Kh1 exf3 17.exf3 Bd7 18.f4 g6 19.Bd4 Rac8 20.Qf2 Bxd4 21.Qxd4 b6 
22.cxd5 cxd5 23.Rc1 Qa3 24.Qd2 Qe7 25.h4 Kg7 26.Rxc8 Rxc8 27.Rc1 Rc5 
1/2-1/2

[Event "EU-chT Seniors 05th"]
[Site "Dresden"]
[Date "2003.02.23"]
[Round "1.4"]
[White "Wheeler, John Francis"]
[Black "Betz, Egon"]
[Result "1/2-1/2"]
[WhiteElo "2208"]
[BlackElo "2031"]
[EventDate "2003.02.23"]
[PlyCount "68"]

1.d4 f5 2.g3 g6 3.Bg2 Nf6 4.Nf3 Bg7 5.O-O d6 6.c4 O-O 7.Nc3 Qe8 8.d5 Na6 
9.Rb1 c5 10.e4 fxe4 11.Ng5 Bd7 12.Re1 Nc7 13.Ngxe4 Nxe4 14.Nxe4 Qf7 15.Qe2
h6 16.b4 cxb4 17.Rxb4 b6 18.Rb3 Ne8 19.Nd2 Bf6 20.Nf3 Kh7 21.Bb2 Ng7 22.
Re3 Rae8 23.Bxf6 exf6 24.Re7 Rxe7 25.Qxe7 Nf5 26.Qxf7+ Rxf7 27.g4 Ne7 28.
h3 f5 29.g5 Kg7 30.gxh6+ Kxh6 31.Nd4 Kg7 32.f4 Kf6 33.Ne6 Nc8 34.Nd4 Re7 
1/2-1/2